El clan del oso cavernario : (Record no. 62211)

MARC details
000 -LEADER
campo de control de longitud fija 00587nmm a2200181Ia 4500
008 - DATOS DE LONGITUD FIJA--INFORMACIÓN GENERAL
campo de control de longitud fija 251105s9999||||xx |||||||||||||||||und||
020 ## - NÚMERO INTERNACIONAL ESTÁNDAR DEL LIBRO
Número Internacional Estándar del Libro 9788410260191
041 ## - CÓDIGO DE IDIOMA
Código de lengua del texto/banda sonora o título independiente spa
100 ## - ENTRADA PRINCIPAL--NOMBRE DE PERSONA
Nombre de persona Auel, Jean M.
245 #0 - MENCIÓN DEL TÍTULO
Título El clan del oso cavernario :
Resto del título Edición actualizada y revisada
264 ## - PRODUCCIÓN, PUBLICACIÓN, DISTRIBUCIÓN, FABRICACIÓN Y COPYRIGHT
Producción, publicación, distribución, fabricación y copyright [Madrid, España] :
Nombre del de productor, editor, distribuidor, fabricante Maeva Ediciones,
Fecha de producción, publicación, distribución, fabricación o copyright [Fecha de publicación no identificada]
300 ## - DESCRIPCIÓN FÍSICA
Extensión 0 páginas
490 ## - MENCIÓN DE SERIE
Mención de serie Los Hijos de la Tierra
700 ## - ENTRADA AGREGADA--NOMBRE PERSONAL
Nombre de persona Auel, Jean M.
700 1# - ENTRADA AGREGADA--NOMBRE PERSONAL
Nombre de persona Tejada Conde-Pelayo, Leonor
856 ## - LOCALIZACIÓN Y ACCESO ELECTRÓNICOS
Identificador Uniforme de Recursos <a href="https://public.digitaliapublishing.com/a/161637">https://public.digitaliapublishing.com/a/161637</a>
942 ## - ELEMENTOS DE ENTRADA SECUNDARIOS (KOHA)
Tipo de ítem Koha Libro Digital

No items available.

Powered by Koha